Ochrana hospodárskej súťaže - globálna hospodárska kríza III. zborník vedeckých prác

Salvato in:
Dettagli Bibliografici
Ente Autore: Ekonomická univerzita v Bratislave
Altri autori: Matušovič, Martin, Mišík, Vladimír, Tóth, Miroslav, 1961-
Natura: Libro
Lingua:slovacco
inglese
Pubblicazione: Bratislava Vydavateľstvo EKONÓM 2013
Soggetti:
Tags: Aggiungi Tag
Nessun Tag, puoi essere il primo ad aggiungerne!!

MARC

LEADER 00000nlm$a2200000$$$4500
001 0184265
005 20240502073146.8
020 |a 978-80-225-3555-7 
041 0 |a slo 
041 0 |a eng 
044 |a SK 
245 1 0 |a Ochrana hospodárskej súťaže - globálna hospodárska kríza III.  |b zborník vedeckých prác  |c Martin Matušovič a kolektív ; redakčné spracovanie: Martin Matušovič 
264 1 |a Bratislava  |b Vydavateľstvo EKONÓM  |c 2013 
300 |a CD-ROM [281 s., 14,05 AH] 
610 2 0 |a súťaž hospodárska 
610 2 0 |a kríza hospodárska 
610 2 0 |a kríza finančná 
610 2 0 |a globalizácia hospodárstva 
610 2 0 |a recesia 
610 2 0 |a prostredie podnikateľské 
610 2 0 |a nezamestnanosť 
610 2 0 |a podnikanie malé 
610 2 0 |a podnikanie stredné 
610 2 0 |a inovácia 
700 1 |a Matušovič, Martin 
700 1 |a Mišík, Vladimír 
700 1 |a Tóth, Miroslav, 1961- 
710 2 |a Ekonomická univerzita v Bratislave